000 00499nam a2200157Ia 4500
008 160316s1998 xxu||||| |||| 00| 0 eng d
082 _a344.046000
_bDOB-2
100 _aDobson Andrew
245 _aJustice and the environment : Conceptions of environmental sustanability and dimensions of social justice
250 _a
260 _aOxford
_bOxford University Press
_c1998
300 _a280p
_b
_c
365 _bRs.725
650 _a1. Environmental Justice 2. Environmental Policy
700 _a
_a
999 _c14638
_d14638